|
|
|
|
| LEADER |
00930nam a2200253 a 4500 |
| 008 |
091020s1987 pk l 001 0 eng d |
| 010 |
|
|
|a \\2004343821
|
| 040 |
|
|
|a DLC
|c DLC
|d DLC
|
| 082 |
0 |
0 |
|a 346.5491/0682
|2 19
|
| 110 |
1 |
|
|a Pakistan.
|
| 240 |
1 |
0 |
|a Partnership Act, 1932
|
| 245 |
1 |
4 |
|a The Partnership Act, IX of 1932 /
|c by Shaukat Mahmood, Nadeem Shaukat.
|
| 250 |
|
|
|a 3rd ed.
|
| 260 |
|
|
|a Lahore :
|b Legal Research Center,
|c 1987.
|
| 300 |
|
|
|a v, 220 p. ;
|c 25 cm.
|
| 504 |
|
|
|a Includes index.
|
| 541 |
1 |
|
|e 00010437
|
| 650 |
|
0 |
|a Partnership
|z Pakistan.
|
| 700 |
1 |
|
|a Mahmood, Shaukat.
|
| 700 |
1 |
|
|a Shaukat, Nadeem.
|
| 852 |
4 |
|
|a Ayesha Abed Library
|j General shelf
|
| 942 |
0 |
0 |
|0 1
|
| 999 |
|
|
|c 4778
|d 4778
|
| 952 |
|
|
|0 0
|1 0
|2 ddc
|4 0
|6 346_549106820000000_PAR_1987
|7 0
|9 4587
|a BRACUL
|b BRACUL
|c GEN
|d 2009-10-22
|g 0.00
|l 14
|m 142
|o 346.54910682 PAR
|p 3010010437
|r 2025-11-09
|s 2025-10-05
|t 1
|w 2009-10-22
|y BK
|x No price found in the accession register.
|